Las palmeras salvajes /

Guardado en:
Autor Principal: Faulkner, William
Formato: Libro
Publicado: Buenos Aires : Sudamericana, 1999
Edición:9na. ed.
Materias:
Etiquetas: Agregar Etiqueta
Sin Etiquetas, Sea el primero en etiquetar este registro!
LEADER 00659nam a22002055a 4500
001 EHU.bham024183
003 AR-BHAM
005 20130507135802.0
008 130507s1999##################000#0#####d
082 8 1 |a 813.5 
100 1 |a Faulkner, William 
245 1 0 |a Las palmeras salvajes /  |c William Faulkner 
250 |a 9na. ed. 
260 |a Buenos Aires :  |b Sudamericana,  |c 1999 
300 |a 291 p. 
500 |a Traduccion De Jorge Luis Borges.- 
653 |a Literatura norteamericana 
653 |a Novela eeuu-1901- 
859 |a AR-BHAM  |b BIB. HUMANIDADES - General  |h 813.5  |i F273-13  |p 699.01  |t Ej.1 
859 |a AR-BHAM  |b BIB. HUMANIDADES - General  |h 813.5  |i F273-13  |p 887.05  |t Ej.1